Antología poética
Gorde:
| Egile nagusia: | |
|---|---|
| Formatua: | Liburua |
| Hizkuntza: | Undetermined |
| Argitaratua: |
Buenos Aires, Argentina
Losada
1944
|
| Gaiak: | |
| Etiketak: |
Etiketa erantsi
Etiketarik gabe, Izan zaitez lehena erregistro honi etiketa jartzen!
|
MARC
| LEADER | 00000nam a2200000Ia 4500 | ||
|---|---|---|---|
| 008 | 170316s9999 xx 000 0 und d | ||
| 999 | |c 10028 |d 10028 | ||
| 040 | |a cru BVZT | ||
| 090 | |a 862 J-4a | ||
| 100 | |a Jiménez, Juan Ramón | ||
| 245 | |a Antología poética | ||
| 260 | |a Buenos Aires, Argentina | ||
| 260 | |b Losada | ||
| 260 | |c 1944 | ||
| 300 | |a 330 páginas | ||
| 650 | |a LITERATURA ESPAÑOLA |9 23 | ||
| 650 | |a POESÍA |9 18 | ||
| 942 | |c 15 D |h 862 J-4a |2 z | ||
